<The> Role of Thrust in Knowledge Management Organization

Znalosti ako zdroj úspechu každej organizácie. Potreba zahrnúť do základných činností organizácie budovanie vzájomnej dôvery pre vytváranie znalostného manažmentu. Úloha dôvery v riadení vedomostí v súčasných organizáciách.

Gespeichert in:
Bibliographische Detailangaben
1. Verfasser: Gajda, Joanna
Format: Buchkapitel
Sprache:Englisch
Schlagworte:
Tags: Tag hinzufügen
Keine Tags, Fügen Sie das erste Tag hinzu!

MARC

LEADER 00000naa a2200000 4500
001 0267435
005 20200805084859.2
041 0 |a eng 
044 |a CZ 
245 1 0 |a <The> Role of Thrust in Knowledge Management Organization  |c Joanna Gajda 
520 |a Znalosti ako zdroj úspechu každej organizácie. Potreba zahrnúť do základných činností organizácie budovanie vzájomnej dôvery pre vytváranie znalostného manažmentu. Úloha dôvery v riadení vedomostí v súčasných organizáciách. 
610 2 0 |a organizácia 
610 2 0 |a manažment znalostný 
610 2 0 |a zamestnanci 
610 2 0 |a kapitál intelektuálny 
100 1 |a Gajda, Joanna